Potências de base 2 positivas - Statistics

Estatísticas Gerais
  • Esse quiz foi jogado 65 vezes
  • A pontuação média é 13 de 21
Estatísticas das Respostas
Hint Resposta % Correto
1 2
100%
2 4
100%
0 1
98%
4 16
91%
3 8
83%
5 32
80%
6 64
80%
7 128
78%
8 256
76%
9 512
76%
10 1024
74%
11 2048
70%
12 4096
70%
13 8192
61%
14 16384
56%
15 32768
37%
16 65536
22%
17 131072
17%
18 262144
15%
20 1048576
13%
19 524288
13%
Nenhum quiz correspondente encontrado
Distribuição das Pontuações
Porcentagem de Pessoas com Cada Pontuação
Percentil de Números Respondidos
Sua Pontuação Histórica
Você não jogou esse quiz